| 000 | 00951cam a22003253a 4500 | ||
|---|---|---|---|
| 001 | 8374 | ||
| 003 | PGUSA | ||
| 005 | 20140828083155.0 | ||
| 008 | 050601s2005||||xxu|||||s|||||000 1 eng d | ||
| 040 |
_aPGUSA _beng |
||
| 042 | _adc | ||
| 050 | 4 | _aPR | |
| 100 | 1 |
_aKingsley, Charles, _d1819-1875 |
|
| 245 | 1 | 0 |
_aAlton Locke, Tailor and Poet : _bAn Autobiography _h[electronic resource] / _cCharles Kingsley |
| 260 |
_bProject Gutenberg, _c2005 |
||
| 506 | _aPublic domain in the USA. | ||
| 516 | _aElectronic text | ||
| 653 | _aTailors -- Fiction | ||
| 653 | _aChristian fiction | ||
| 653 | _aEngland -- Fiction | ||
| 653 | _aPoets -- Fiction | ||
| 653 | _aYoung men -- Fiction | ||
| 653 | _aWorking class -- Fiction | ||
| 653 | _aBildungsromans | ||
| 653 | _aLabor movement -- Fiction | ||
| 700 | 1 |
_aHughes, Thomas, _d1822-1896 |
|
| 830 | 0 |
_aProject Gutenberg _v8374 |
|
| 856 | 4 | 0 | _uhttp://www.gutenberg.org/ebooks/8374 |
| 942 | _cEB | ||
| 999 |
_c237674 _d237674 |
||